Resolución ministerial 502/1989 [auspiciar al Seminario sobre Ciencia, Universidad, Producción].

Auspiciar al Seminario sobre Ciencia, Universidad, Producción, que tendrá lugar los días 23, 24 y 25 de octubre próximo en la ciudad de San Juan.

Guardado en:
Detalles Bibliográficos
Autores Corporativos: Argentina. Ministerio de Educación y Justicia, Argentina. Ministerio de Educación y Justicia. Ministro (1989-1991 : Salonia)
Formato: Documento Gubernamental Libro electrónico
Lenguaje:Español
Publicado: Buenos Aires : Ministerio de Educación y Justicia, 1989.
Materias:
Acceso en línea:http://www.bnm.me.gov.ar/giga1/normas/RM_502-89.pdf
Aporte de:Registro referencial: Solicitar el recurso aquí
LEADER 01129cam a22002655a 4500
003 AR-BaBNM
005 20260326170952.0
007 cr |||||||||||
008 260326e19891003ag |ol|||f000 0 spa d
035 |a 000204956 
040 |a AR-BaBNM  |b spa  |e aacr 
086 |a RM 502/1989 
110 1 |a Argentina.  |b Ministerio de Educación y Justicia  |9 12991 
245 1 0 |a Resolución ministerial 502/1989  |h [recurso electrónico] :  |b [auspiciar al Seminario sobre Ciencia, Universidad, Producción]. 
260 |a Buenos Aires :  |b Ministerio de Educación y Justicia,  |c 1989. 
300 |a 1 PDF 
520 |a Auspiciar al Seminario sobre Ciencia, Universidad, Producción, que tendrá lugar los días 23, 24 y 25 de octubre próximo en la ciudad de San Juan. 
522 |a Nacional 
610 2 4 |a Universidad Nacional de San Juan (Argentina)  |9 14688 
650 4 |a Seminarios  |9 11140 
650 4 |a Universidades  |9 10809 
710 1 |a Argentina.  |b Ministerio de Educación y Justicia.  |b Ministro (1989-1991 : Salonia)  |9 10432 
856 4 |u http://www.bnm.me.gov.ar/giga1/normas/RM_502-89.pdf  |q PDF (1 p.) 
942 |2 udc  |c LIBRO 
999 |c 251663  |d 251663